|
|
|
|
| LEADER |
00000nas a2200000 a 4500 |
| 001 |
ssj0000936851 |
| 003 |
WaSeSS |
| 005 |
20200512172242.0 |
| 006 |
m d |
| 007 |
cr n |
| 008 |
120430c20uu9999ii z| p|s|||||| |0eng d |
| 035 |
|
|
|a (WaSeSS)ssj0000936851
|
| 040 |
|
|
|a WaSeSS
|c WaSeSS
|d WaSeSS
|
| 050 |
|
4 |
|a Z699.A1
|
| 245 |
0 |
0 |
|a Telecentre magazine
|h [electronic resource].
|
| 260 |
|
|
|a New Delhi, India :
|b Athena Information Solutions
|
| 506 |
|
|
|a License restrictions may limit access.
|
| 588 |
|
|
|a Description based on: June 6, 2008, Gale document number A215194618; title from title screen (Communications & Mass Media, April 26, 2012).
|
| 588 |
|
|
|a Latest issue consulted: June 1, 2010, Gale document number A235053461 (viewed April 26, 2012).
|
| 650 |
|
0 |
|a Technology
|x Information services
|v Periodicals.
|
| 650 |
|
0 |
|a Telecommunication
|v Periodicals.
|
| 650 |
|
0 |
|a Business enterprises
|v Periodicals.
|
| 655 |
|
0 |
|a Electronic journals.
|
| 856 |
4 |
0 |
|z Full text available from Research Library: 06/06/2008 to 06/30/2010
|u https://search.proquest.com/publication/55086
|